00434nam a22001577a 4500020001800000082001400018100001800032245005100050260002800101300000800129500005500137650002500192650001800217650002000235700002100255 a81-272-3183-5 a338.10721 aA.C. Broadway aResearch Methodology In Agricultural Economics aLudhianabKalyanic2006 a482 aResearch methodology Data Analysis Economic Theory aResearch methodology aData Analysis aEconomic Theory aArif A. Broadway